| 000 | 00000nam##2200000za#4500 |
| 001 | 9.614380 |
| 003 | CaOODSP |
| 005 | 20211126112847 |
| 007 | ta |
| 008 | 150406|1998||||xxc||||| f|0| 0 eng|d |
| 020 | |a0-662-26837-7 |
| 022 | |a1192-5434 |
| 040 | |aCaOODSP|beng |
| 043 | |an-cn--- |
| 086 | 1 |aFB3-2/98-6E |
| 110 | 2 |aBank of Canada. |
| 245 | 10|aForecasting inflation with the M1-VECM : |bpart two / |cby Walter Engert and Scott Hendry. |
| 260 | |aOttawa - Ontario : |bBank of Canada |c1998. |
| 300 | |a33p. : |bgraphs, references, tables ; |c28 cm. |
| 490 | 1 |aWorking paper|x1192-5434|v98-6 |
| 500 | |a"A central bank's main concern is the general direction of future inflation, and not transitory fluctuations of the inflation rate. As a result, this paper is concerned with forecasting a simple measure of the trend of inflation, the eight-quarter CPI-inflation rate."--Abstract. |
| 520 | 3 |aA central bank's main concern is the general direction of future inflation, and not transitory fluctuations of the inflation rate. As a result, this paper is concerned with forecasting a simple measure of the trend of inflation, the eight-quarter CPI-inflation rate.--Abstract |
| 546 | |aRésumés en français |
| 563 | |aSoftcover |
| 590 | |a98-19|b1998-05-08 |
| 720 | 1 |aEngert, Walter |
| 720 | 1 |aHendry, Scott |
| 776 | 0#|tForecasting inflation with the M1-VECM : |w(CaOODSP)9.571689 |
| 830 | #0|aWorking paper,|x1192-5434|v98-6|w(CaOODSP)9.514622 |